000 02214nam a2200265Ia 4500
003 CO-CtgCURN
005 20250424155050.0
008 190723s9999 xx 000 0 und d
020 _a9789586765824 (v1)978-958-676-581-7 (v.2)
040 _aCO-CtgCURN
_bspa
_ccoctgcurn
082 _a345.05
_bP113m
100 _aPabón Parra, Pedro Alfonso
_96432
_eautor
245 0 _aManual de derecho penal :
_bparte general y especial /
_cPedro Alfonso Pabón Parra
250 _a9 edición
260 _aBogotá, Colombia :
_bEdiciones Doctrina y Ley,
_c2013
300 _a2 volúmenes ;
_c25 centímetros
504 _aIncluye referencias bibliográficas
505 _avol. 1. Introducción -- La ley penal -- Teoría general de la conducta punible y otras garantias -- La conducta -- El tipo penal -- La tentativa -- La participacion -- La antijuricidad -- La culpabilidad -- La punibilidad -- Las medidas de seguridad -- Responsabilidad civil derivada -- vol. 2. Delitos contra la vida y la integridad personal -- Delitos contra la persona y bienes protegidos por el derecho internacional humanitario -- Delitos contra la libertad indiidual y otras garantias -- Delitos contra la libertad, integridad y formacion sexuales -- Delitos contra la integridad moral -- Delitos contra la familia -Delitos contra el patrimonio económico -- De la protección de la informacion y de los datos -- Delitos contra los derechos de autor -- Delitos contra la fe pública -- Delitos contra el orden económico social -- Delitos contra los recursos naturales y el medio ambiente -- Delitos contra la seguridad pública -- Delitos contra la salud pública -- Delitos contra mecanismos de participacion democratica -- Delitos contra la administración pública -- Delitos contra la eficaz y recta imparticion de justicia -- Delitos contra la existencia y seguridad del estado -- Delitos contra el régimen constitucional.
521 _aAREA PROFESIONAL
590 _aPrograma de Derecho_18
650 _aDerecho penal
_zColombia
_96433
942 _cBK
_h345.05
_iP113m
_02
_2ddc
_n0
999 _c28933
_d28933